书目信息

书名: 春园与鲁迅比较研究 
作者: 权赫律
出版信息: 长春   吉林大学出版社  2023.8
开本页数: 24cm  164页
丛书名:
单 册:
中图分类: I2 I3
科图分类:
主题词: 近代文学--jin dai wen xue--文学研究--对比研究--中国--韩国
电子资源:
ISBN: 978-7-5768-0562-8
000 01182nam0 2200253 450
001 012023001252
005 20231120140855.6
010    @a978-7-5768-0562-8@dCNY78.00
100    @a20230807d2023 em y0chiy50 ea
101 @achi
102    @aCN@b220000
105    @ay a 000yy
106    @ar
200 @a春园与鲁迅比较研究@Achun yuan yu lu xun bi jiao yan jiu@f权赫律著
210    @a长春@c吉林大学出版社@d2023.8
215    @a164页@d24cm
320    @a有书目
330    @a本书以春园和鲁迅的作品作为中韩近代文学的出发点, 以实证主义的研究方法, 依据20世纪韩国的春园、鲁迅作品的接受与研究的相关史料, 阐明他们所表现出来的同质性和异质性, 找出两国近代文学, 特别是初创期的内在本质, 为两国近代文学个别研究提供线索; 同时还探究了中韩两国这种文学演变的轨迹, 解释其形态、同质性和异质性的形成原因, 从整体上看是“没有影响的相似性”, 其最终目的在于为两国各自的文学研究建立一个参照体系。中韩两国近代文学的研究, 具有相辅相成的一面, 相互之间极具参照意义。
606 @a近代文学@Ajin dai wen xue@x文学研究@x对比研究@y中国@y韩国
690    @aI2@v5
690    @aI3@v5
701  0 @a权赫律@Aquan he lv@4著
801  0 @aCN@bCDNYKJZYXY@c20231120
905    @aCDNYKJZYXY@b300691318-9@dI2@e2293@f2
    
    春园与鲁迅比较研究/权赫律著.-长春:吉林大学出版社,2023.8
    164页;24cm
    
    
    ISBN 978-7-5768-0562-8:CNY78.00
    本书以春园和鲁迅的作品作为中韩近代文学的出发点, 以实证主义的研究方法, 依据20世纪韩国的春园、鲁迅作品的接受与研究的相关史料, 阐明他们所表现出来的同质性和异质性, 找出两国近代文学, 特别是初创期的内在本质, 为两国近代文学个别研究提供线索; 同时还探究了中韩两国这种文学演变的轨迹, 解释其形态、同质性和异质性的形成原因, 从整体上看是“没有影响的相似性”, 其最终目的在于为两国各自的文学研究建立一个参照体系。中韩两国近代文学的研究, 具有相辅相成的一面, 相互之间极具参照意义。
相关链接 在五车中查询图书 在当当中查询图书 在豆瓣中查询图书


正题名:春园与鲁迅比较研究     索取号:I2/2293         预约/预借

序号 登录号 条形码 馆藏地/架位号 状态 备注
1 691318   300691318   柳城-3楼/19架11列5层/ [索取号:I2/2293] 在馆    
2 691319   300691319   柳城-3楼/19架11列5层/ [索取号:I2/2293] 在馆